Logo BPK

Biblioteka

Politechniki Koszalińskiej

The Growth of Federal Power in American History / (Rekord nr 47674)

Szczegóły MARC
000 -ETYKIETA REKORDU
podpole kontrolne o stałej długości 00672nam a2200217 i 4500
001 - NUMER KONTROLNY REKORDU
pole kontrolne bgj
020 ## - MIĘDZYNARODOWY ZNORMALIZOWANY NUMER KSIĄŻKI - ISBN
ISBN 0875800998
040 ## - ŹRÓDŁO KATALOGOWANIA
Instytucja, która utworzyła rekord BPK
041 0# - KOD JĘZYKA
Kod języka tekstu eng
920 ## - Międzynarodowy znormalizowany numer książki – ISBN
ISBN 0-87580-099-8
008 - POLE O STAŁEJ DŁUGOŚCI - DANE KONTROLNE
podpole kontrolne o stałej długości s uk f |000 0 eng
100 1# - NAZWA OSOBOWA
Nazwa osobowa JEFFREYS-JONES, Rhodri
245 10 - TYTUŁ/ODPOWIEDZIALNOŚĆ
Tytuł The Growth of Federal Power in American History /
Pozostałe elementy strefy tytułu i oznaczenia odpowiedzialności Rhodri Jeffreys-Jones ; Bruce Collins.
260 ## - STREFA ADRESU WYDAWNICZEGO
Miejsce wydania DeKalb, Il :
Nazwa wydawcy/dystrybutora Northern Illinois University Press,
Data publikacji, dystrybucji/powstania dokumentu c. 1983.
300 ## - STREFA OPISU FIZYCZNEGO
Objętość VI, 207 pp ;
Rozmiary 26 cm.
504 ## - UWAGA DOTYCZĄCA BIBLIOGRAFII
Informacje o bibliografii Bibliogrphy p. 193-198.
505 ## - SFORMALIZOWANA UWAGA DOTYCZĄCA ZAWARTOŚCI
Pełny tekst uwagi Includes index.
650 #9 - HASŁO PRZEDMIOTOWE W FORMIE NAZWY OGÓLNEJ LUB JEDNOSTKOWEJ
Nazwa ogólna lub geograficzna Federal government
Określnik ogólny History
Określnik geograficzny United States
700 1# - HASŁO DODATKOWE - NAZWA OSOBOWA
Nazwa osobowa COLLINS, Bruce.
Określenie związku między hasłem a opisywanym materiałem co-author
856 ## - LOKALIZACJA I DOSTĘP DO ELEKTRONICZNYCH DOKUMENTÓW ZDALNYCH
Link (URL) http://koha.tu.koszalin.pl/cgi-bin/koha/opac-detail.pl?biblionumber=47674
Tekst linku Katalog online BPK
942 ## - DODATKOWE ELEMENTY (KOHA)
Typ dokumentu Książka
Egzemplarze
Wycofany Status egzemplarza Uszkodzony Dostępność Lokalizacja stała Lokalizacja bieżąca Miejsce przechowywania Sygnatura Kod kreskowy Typ dokumentu
      Dostępny Biblioteka Politechniki Koszalińskiej Biblioteka Politechniki Koszalińskiej Wypożyczalnia Językowa KA 4183 09012585 Książka
      Dostępny Biblioteka Politechniki Koszalińskiej Biblioteka Politechniki Koszalińskiej Wypożyczalnia Językowa KA 4184 09012578 Książka
      Dostępny Biblioteka Politechniki Koszalińskiej Biblioteka Politechniki Koszalińskiej Wypożyczalnia Językowa KA 4185 09012554 Książka
      Dostępny Biblioteka Politechniki Koszalińskiej Biblioteka Politechniki Koszalińskiej Wypożyczalnia Językowa KA 4186 09012561 Książka
© 2023 Biblioteka Politechniki Koszalińskiej :: KOHA